Topological grid of Europe - difficult version! - Statistics

General Stats
  • This quiz has been taken 52 times
  • The average score is 32 of 52
Answers on the Map
Answers color-coded by a green-red scale on the quiz's map according to % correct below.
 
Answer Stats
Answer % Correct
Italy
82%
Russia
82%
Andorra
77%
Austria
77%
France
77%
Liechtenstein
77%
Monaco
77%
Spain
77%
Belgium
73%
Germany
73%
Luxembourg
73%
San Marino
73%
Vatican City
73%
Gibraltar
68%
Hungary
68%
Netherlands
68%
Slovenia
68%
Switzerland
68%
Albania
64%
Bosnia Herzegovina
64%
Croatia
64%
Kazakhstan
64%
Portugal
64%
Atlantic Ocean
59%
Czechia
59%
Greece
59%
Kosovo
59%
Mediterranean Sea
59%
Montenegro
59%
Poland
59%
Armenia
55%
Bulgaria
55%
Denmark
55%
Georgia
55%
Lithuania
55%
Moldova
55%
Romania
55%
Serbia
55%
Slovakia
55%
Sweden
55%
Türkiye
55%
Ukraine
55%
Azerbaijan
50%
Estonia
50%
Finland
50%
Latvia
50%
North Macedonia
50%
Norway
50%
Baltic Sea
45%
Belarus
45%
Caspian Sea
45%
Black Sea
41%
No matching quizzes found
Score Distribution
Percent of People with Each Score
Percentile by Number Answered
Your Score History
You have not taken this quiz